[Event "World Senior Teams +50"]
[Site "Radebeul GER"]
[Date "2016.07.04"]
[Round "9.1"]
[Board "1"]
[White "Jussupow, Artur"]
[Black "Vaganian, Rafael A"]
[Result "1/2-1/2"]
[WhiteTitle "GM"]
[BlackTitle "GM"]
[WhiteElo "2596"]
[BlackElo "2577"]
[WhiteTeam "Emanuel-Lasker-Gesellschaft"]
[BlackTeam "Armenia"]
[WhiteFideId "4618777"]
[BlackFideId "13300016"]
[EventDate "2016.06.26"]

1. d4 d5 2. Nf3 Nf6 3. c4 e6 4. Nc3 Be7 5. Bg5 h6 6. Bh4 O-O 7. e3 Ne4 8. Bxe7
Qxe7 9. cxd5 Nxc3 10. bxc3 exd5 11. c4 dxc4 12. Bxc4 b6 13. Rc1 Bb7 14. Be2 c5
15. dxc5 bxc5 16. Qb3 Bc6 17. O-O Nd7 18. Qa3 a5 19. Rfd1 Rfb8 20. Ne1 Rc8 21.
Bg4 Rc7 22. h3 Bb5 23. Bxd7 Bxd7 24. Nd3 Bf5 25. Nf4 Be4 26. Rc4 Qe5 27. Rdc1
Rac8 28. Qxa5 g5 29. Nh5 Bg6 30. Ng3 Bd3 31. Qc3 Qxc3 32. R4xc3 c4 33. Nf1 f5
34. Nd2 Kf7 35. Nf3 Kf6 36. Ne1 Be4 37. f3 Bd5 38. Rd1 Rc5 39. Rb1 f4 40. Nc2
fxe3 41. Rb6+ R8c6 42. Rxc6+ Rxc6 43. Nb4 Rd6 44. Rxe3 Be6 45. Kf2 Rd1 46. Re1
Rd8 47. Ke3 h5 48. Re2 h4 49. f4 g4 50. hxg4 Bxg4 51. Rc2 Bf5 52. a4 Ra8 53. Ra2
c3 54. Ra1 Rb8 55. Nd3 Rc8 56. Rc1 Re8+ 57. Ne5 c2 58. a5 Rb8 59. a6 Rb3+ 60.
Kf2 Rb4 61. a7 Rxf4+ 62. Nf3 Ra4 63. Nxh4 Bh7 64. Nf3 Rxa7 65. Ke3 Rg7 66. Ne1
Re7+ 67. Kd2 Rd7+ 68. Ke2 1/2-1/2

[Event "World Senior Teams +50"]
[Site "Radebeul GER"]
[Date "2016.07.04"]
[Round "9.1"]
[Board "2"]
[White "Anastasian, Ashot"]
[Black "Graf, Alexander"]
[Result "1-0"]
[WhiteTitle "GM"]
[BlackTitle "GM"]
[WhiteElo "2532"]
[BlackElo "2561"]
[WhiteTeam "Armenia"]
[BlackTeam "Emanuel-Lasker-Gesellschaft"]
[WhiteFideId "13300059"]
[BlackFideId "4680804"]
[EventDate "2016.06.26"]

1. Nf3 d5 2. c4 c6 3. e3 Nf6 4. Nc3 Nbd7 5. Qc2 g6 6. cxd5 Nxd5 7. d4 Bg7 8.
Nxd5 cxd5 9. Bd2 O-O 10. Be2 Nf6 11. O-O Ne4 12. Rfc1 Bf5 13. Qb3 Nxd2 14. Nxd2
Qb6 15. Bf3 Rad8 16. Qxb6 axb6 17. Rc7 e5 18. Nb3 e4 19. Bd1 Rd7 20. Rac1 Rfd8
21. Nd2 Bf8 22. Bb3 Be6 23. Rxd7 Rxd7 24. Ba4 Rd8 25. Nb1 Bd6 26. Bb3 Kg7 27.
Nc3 Bb8 28. g3 Kf6 29. h4 h5 30. Kg2 Ke7 31. Ne2 Bg4 32. Nc3 Be6 33. Na4 Rd6 34.
Nc3 Rd8 35. f3 exf3+ 36. Kxf3 Rd6 37. Kf2 Rd8 38. Ne2 Bd6 39. Nf4 Bxf4 40. gxf4
Kd6 41. Rc3 Rc8 42. Rxc8 Bxc8 43. e4 Be6 44. f5 gxf5 45. e5+ Ke7 46. Bd1 Kf8 47.
Bxh5 Kg7 48. Kg3 Kh6 49. Be2 Kg6 50. Kf4 Kh6 51. a4 Kg6 52. b4 Kh6 53. a5 Bd7
54. Bf3 Be6 55. h5 b5 56. Bd1 Bc8 57. Bc2 Kxh5 58. Bxf5 Be6 59. Bd3 Bd7 60. e6
Bxe6 61. Bxb5 Kg6 62. Ke5 Kg5 63. Be8 1-0

[Event "World Senior Teams +50"]
[Site "Radebeul GER"]
[Date "2016.07.04"]
[Round "9.1"]
[Board "3"]
[White "Meister, Jakob"]
[Black "Movsziszian, Karen"]
[Result "1-0"]
[WhiteTitle "GM"]
[BlackTitle "GM"]
[WhiteElo "2456"]
[BlackElo "2488"]
[WhiteTeam "Emanuel-Lasker-Gesellschaft"]
[BlackTeam "Armenia"]
[WhiteFideId "4102541"]
[BlackFideId "13301152"]
[EventDate "2016.06.26"]

1. d4 d6 2. Nc3 g6 3. Bf4 Bg7 4. Qd2 Nd7 5. e4 c6 6. Nf3 e5 7. Be3 Ngf6 8. h3
O-O 9. dxe5 dxe5 10. a4 Qe7 11. Bd3 Nc5 12. O-O Rd8 13. Qe2 Nh5 14. Bg5 Bf6 15.
Bxf6 Qxf6 16. Qe3 Ne6 17. Ne2 Nhf4 18. Nxf4 Nxf4 19. Rfd1 a5 20. Bf1 Re8 21. Kh2
h6 22. g3 Ne6 23. h4 Nf8 24. Bh3 Bxh3 25. Kxh3 Kg7 26. Kg2 Qe7 27. h5 Nd7 28.
hxg6 fxg6 29. Rh1 h5 30. Rad1 Nf6 31. Rd3 Rad8 32. Rhd1 Rxd3 33. Rxd3 Nd7 34. b3
Nf6 35. Nh4 Nd7 36. Qd2 Nc5 37. Rd6 Kf7 38. Rxg6 Rg8 39. Qh6 Rxg6 40. Qxh5 Kf8
41. Qxg6 1-0

[Event "World Senior Teams +50"]
[Site "Radebeul GER"]
[Date "2016.07.04"]
[Round "9.1"]
[Board "4"]
[White "Galdunts, Sergey"]
[Black "Paehtz, Thomas"]
[Result "1-0"]
[WhiteTitle "GM"]
[BlackTitle "GM"]
[WhiteElo "2415"]
[BlackElo "2361"]
[WhiteTeam "Armenia"]
[BlackTeam "Emanuel-Lasker-Gesellschaft"]
[WhiteFideId "13300067"]
[BlackFideId "4611349"]
[EventDate "2016.06.26"]

1. e4 e6 2. d4 d5 3. Nc3 Bb4 4. e5 Ne7 5. Bd2 Nf5 6. Bd3 Nc6 7. Nf3 f6 8. Bxf5
exf5 9. exf6 Bxc3 10. Qe2+ Kf7 11. bxc3 Re8 12. Ne5+ Nxe5 13. dxe5 gxf6 14. Bf4
Qe7 15. O-O fxe5 16. Rfe1 e4 17. Rad1 Qf6 18. Rd3 Rg8 19. Rh3 Rg4 20. Rxh7+ Kg8
21. Rh6 Qg7 22. Qd2 c6 23. Kh1 Bd7 24. h3 Rg6 25. Rxg6 Qxg6 26. Re3 Kf7 27. Rg3
Qh7 28. Qd4 Rg8 29. Bg5 Qg7 30. Qxa7 Bc8 31. Qb8 Qf8 32. Qc7+ Ke6 33. Be7 1-0

[Event "World Senior Teams +50"]
[Site "Radebeul GER"]
[Date "2016.07.04"]
[Round "9.2"]
[Board "1"]
[White "Boensch, Uwe"]
[Black "Enders, Peter"]
[Result "1-0"]
[WhiteTitle "GM"]
[BlackTitle "GM"]
[WhiteElo "2545"]
[BlackElo "2448"]
[WhiteTeam "Germany 1"]
[BlackTeam "Thueringen"]
[WhiteFideId "4611268"]
[BlackFideId "4611314"]
[EventDate "2016.06.26"]

1. d4 Nf6 2. c4 e6 3. Nf3 c5 4. d5 exd5 5. cxd5 d6 6. Nc3 g6 7. e4 Bg7 8. h3 O-O
9. Bd3 Re8 10. O-O c4 11. Bc2 Bd7 12. Re1 Na6 13. Bf4 Qb6 14. Rb1 Nb4 15. a3
Nxc2 16. Qxc2 Rac8 17. Qd2 Nh5 18. Bh2 Be5 19. Nxe5 dxe5 20. g4 Ng7 21. Kh1 h5
22. f4 Qd4 23. Qg2 exf4 24. Bxf4 b5 25. Rbd1 Qf6 26. Qg3 hxg4 27. hxg4 g5 28.
Be3 a5 29. d6 Ne6 30. Rf1 Qg6 31. Kg1 Rc6 32. Nd5 Nf4 33. Bxf4 gxf4 34. Qxf4
Rxd6 35. Qxd6 Qxd6 36. Nf6+ Qxf6 37. Rxf6 Bxg4 38. Rd5 Rxe4 39. Rxb5 a4 40. Rb7
Be6 41. Ra7 Re3 42. Rxa4 c3 43. bxc3 Rxc3 44. Ra7 Re3 45. Kf2 Re4 46. a4 Kg7 47.
Rf3 Kg6 48. Ra3 f5 49. a5 f4 50. a6 Bg4 51. Ra2 Re3 52. Ra8 Rf3+ 53. Kg1 Be6 54.
Ra5 1-0

[Event "World Senior Teams +50"]
[Site "Radebeul GER"]
[Date "2016.07.04"]
[Round "9.2"]
[Board "2"]
[White "Casper, Thomas"]
[Black "Bischoff, Klaus"]
[Result "1/2-1/2"]
[WhiteTitle "IM"]
[BlackTitle "GM"]
[WhiteElo "2377"]
[BlackElo "2500"]
[WhiteTeam "Thueringen"]
[BlackTeam "Germany 1"]
[WhiteFideId "4611403"]
[BlackFideId "4600045"]
[EventDate "2016.06.26"]

1. e4 Nf6 2. e5 Nd5 3. Nf3 d6 4. exd6 cxd6 5. d4 g6 6. Bc4 Nb6 7. Bb3 Bg7 8. O-O
O-O 9. Re1 Nc6 10. c3 d5 11. Nbd2 Bf5 12. Nf1 Na5 13. Bc2 Bxc2 14. Qxc2 Nc6 15.
h4 Rc8 16. Qe2 Qd7 17. h5 Rfe8 18. hxg6 hxg6 19. Ne3 e5 20. dxe5 Nxe5 21. Rd1
Nc6 22. Qb5 Rcd8 23. a4 d4 24. Nc2 Qg4 1/2-1/2

[Event "World Senior Teams +50"]
[Site "Radebeul GER"]
[Date "2016.07.04"]
[Round "9.2"]
[Board "3"]
[White "Volke, Karsten"]
[Black "Brueggemann, Joachim"]
[Result "1-0"]
[WhiteTitle "IM"]
[BlackTitle "IM"]
[WhiteElo "2478"]
[BlackElo "2304"]
[WhiteTeam "Germany 1"]
[BlackTeam "Thueringen"]
[WhiteFideId "4611411"]
[BlackFideId "4611861"]
[EventDate "2016.06.26"]

1. d4 Nf6 2. c4 e6 3. Nc3 Bb4 4. Qc2 Nc6 5. Nf3 d6 6. Bd2 Qe7 7. a3 Bxc3 8. Bxc3
a5 9. e4 e5 10. d5 Nb8 11. c5 O-O 12. cxd6 cxd6 13. Be2 Nbd7 14. Nd2 Nb6 15. b4
a4 16. O-O Bd7 17. Qd3 Be8 18. Bb2 Rc8 19. Rac1 Bd7 20. Qe3 Qd8 21. Rxc8 Nxc8
22. f4 exf4 23. Qxf4 Ne8 24. Nf3 Ne7 25. Qh4 f6 26. Qf2 Qb8 27. Nd4 Ng6 28. Rc1
Nc7 29. h3 Ne5 30. Bf1 Re8 31. Kh1 Kf7 32. Nf3 Kg8 33. Nd4 Kf7 34. Be2 Kg8 35.
Nf5 Bxf5 36. Qxf5 Qd8 37. Qf2 Ng6 38. Bd3 Na8 39. Qa7 Qd7 40. Be2 Rxe4 41. Qxa8+
Re8 42. Bg4 1-0

[Event "World Senior Teams +50"]
[Site "Radebeul GER"]
[Date "2016.07.04"]
[Round "9.2"]
[Board "4"]
[White "Espig, Lutz"]
[Black "Tischbierek, Raj"]
[Result "0-1"]
[WhiteTitle "GM"]
[BlackTitle "GM"]
[WhiteElo "2263"]
[BlackElo "2439"]
[WhiteTeam "Thueringen"]
[BlackTeam "Germany 1"]
[WhiteFideId "4611276"]
[BlackFideId "4611322"]
[EventDate "2016.06.26"]

1. Nf3 d5 2. g3 g6 3. Bg2 Bg7 4. d4 Nf6 5. O-O O-O 6. c4 dxc4 7. Na3 c3 8. bxc3
c5 9. e3 Nc6 10. Qe2 Qa5 11. Bb2 Ne4 12. Rfc1 Be6 13. Ne1 f5 14. Nd3 b6 15. Nf4
Bf7 16. d5 Ne5 17. c4 g5 18. Ne6 Bxe6 19. dxe6 Nd3 20. Qxd3 Bxb2 21. Nb5 Rad8
22. Qb3 Bxc1 23. Rxc1 Rd2 0-1

[Event "World Senior Teams +50"]
[Site "Radebeul GER"]
[Date "2016.07.04"]
[Round "9.3"]
[Board "1"]
[White "Denk, Adolf"]
[Black "Strutinskaia, Galina"]
[Result "1-0"]
[WhiteTitle "FM"]
[BlackTitle "WGM"]
[WhiteElo "2256"]
[BlackElo "2237"]
[WhiteTeam "Austria"]
[BlackTeam "Russia Women"]
[WhiteFideId "1600990"]
[BlackFideId "4108558"]
[EventDate "2016.06.26"]

1. c4 e5 2. g3 Nc6 3. Bg2 g6 4. Nc3 Bg7 5. e3 d6 6. Nge2 f5 7. d3 Nf6 8. O-O O-O
9. Rb1 a5 10. a3 Qe7 11. b4 axb4 12. axb4 Be6 13. Nd5 Qf7 14. Nec3 Ne8 15. b5
Nd8 16. Bd2 Rb8 17. f4 h6 18. h3 g5 19. Kh2 Kh8 20. Qe2 Rc8 21. Bf3 Nf6 22. Nxf6
Qxf6 23. Nd5 Qf7 24. Bh5 Qd7 25. fxg5 hxg5 26. Bg6 Bh6 27. Qh5 Kg7 28. e4 f4 29.
gxf4 Bxh3 30. Qxh3 Qxh3+ 31. Kxh3 gxf4 32. Bf5 Ra8 33. Nxc7 Ra3 34. Rf3 Bg5 35.
Kg2 Kf6 36. Nd5+ Kf7 37. Bb4 Rg8 38. Bxa3 1-0

[Event "World Senior Teams +50"]
[Site "Radebeul GER"]
[Date "2016.07.04"]
[Round "9.3"]
[Board "2"]
[White "Mednikova, Svetlana"]
[Black "Druckenthaner, Andreas"]
[Result "0-1"]
[WhiteTitle "WGM"]
[BlackTitle "FM"]
[WhiteElo "2180"]
[BlackElo "2281"]
[WhiteTeam "Russia Women"]
[BlackTeam "Austria"]
[WhiteFideId "4109961"]
[BlackFideId "1600567"]
[EventDate "2016.06.26"]

1. e4 e5 2. Nf3 Nc6 3. Bb5 Bd6 4. O-O a6 5. Bxc6 dxc6 6. d4 exd4 7. Nxd4 Ne7 8.
f4 O-O 9. f5 c5 10. Nb3 Nc6 11. Be3 Qh4 12. h3 Qxe4 13. Qf3 Re8 14. Qxe4 Rxe4
15. Bxc5 Bxc5+ 16. Nxc5 Re5 17. Nd3 Rxf5 18. Nd2 Be6 19. Nf4 Nd4 20. Nxe6 Rxf1+
21. Kxf1 Nxe6 22. Nf3 Rd8 23. Kf2 f6 24. Re1 Kf7 25. Re4 Rd5 26. a4 f5 27. Rb4
b6 28. Ke2 Kf6 29. h4 h6 30. g3 g5 31. hxg5+ hxg5 32. b3 g4 33. Ne1 Ng5 34. Rc4
c5 35. b4 Ne4 36. bxc5 bxc5 37. Nd3 Nxg3+ 38. Ke3 Ne4 39. a5 g3 40. Nf4 Re5 41.
Kd3 Nd6 42. Ra4 Re4 43. Rxe4 fxe4+ 44. Ke3 Kf5 45. Nd5 Nc4+ 46. Ke2 Nxa5 47. Nc7
Ke5 48. Nxa6 Kd6 49. Ke3 Nc4+ 50. Ke2 Na3 51. Nb8 Nxc2 0-1

[Event "World Senior Teams +50"]
[Site "Radebeul GER"]
[Date "2016.07.04"]
[Round "9.3"]
[Board "3"]
[White "Ernst, Michael"]
[Black "Kozlovskaya, Valentina"]
[Result "0-1"]
[BlackTitle "WGM"]
[WhiteElo "2134"]
[BlackElo "2218"]
[WhiteTeam "Austria"]
[BlackTeam "Russia Women"]
[WhiteFideId "1618393"]
[BlackFideId "4107098"]
[EventDate "2016.06.26"]

1. d4 d5 2. Bf4 e6 3. e3 Nf6 4. Nd2 b6 5. c3 Be7 6. h3 O-O 7. Ngf3 Nbd7 8. Bd3
Bb7 9. O-O Ne4 10. a4 f5 11. a5 a6 12. axb6 cxb6 13. Qe2 b5 14. Rfc1 Nb6 15. b3
Rc8 16. c4 dxc4 17. bxc4 bxc4 18. Nxc4 Nd5 19. Na5 Rxc1+ 20. Rxc1 Qxa5 0-1

[Event "World Senior Teams +50"]
[Site "Radebeul GER"]
[Date "2016.07.04"]
[Round "9.3"]
[Board "4"]
[White "Fatalibekova, Elena"]
[Black "Gattermayer, Robert"]
[Result "1-0"]
[WhiteTitle "WGM"]
[WhiteElo "2227"]
[BlackElo "2003"]
[WhiteTeam "Russia Women"]
[BlackTeam "Austria"]
[WhiteFideId "4106792"]
[BlackFideId "1602870"]
[EventDate "2016.06.26"]

1. d4 Nf6 2. c4 e5 3. dxe5 Ng4 4. e4 Nxe5 5. Nc3 Bb4 6. Bd2 O-O 7. f4 Ng6 8. Qc2
Re8 9. Nge2 Nc6 10. O-O-O a5 11. h4 d6 12. h5 Nf8 13. h6 g6 14. Be1 Bg4 15. Bh4
f6 16. Nd5 g5 17. Bg3 Ng6 18. a3 Bc5 19. Qc3 Rf8 20. fxg5 Nce5 21. Nxf6+ Rxf6
22. gxf6 Qxf6 23. Kb1 Qg5 24. Rc1 Be3 25. Rc2 a4 26. Be1 Ra6 27. Bd2 Bxd2 28.
Rxd2 c5 29. Nc1 Rb6 30. Ka1 Nf8 31. Be2 Ne6 32. Bxg4 Qxg4 33. Re1 Qg5 34. Qh3
Nf8 35. Rf2 Neg6 36. Ref1 Qe7 37. Qg4 Kh8 38. Qc8 Kg8 39. Rf7 1-0

[Event "World Senior Teams +50"]
[Site "Radebeul GER"]
[Date "2016.07.04"]
[Round "9.4"]
[Board "2"]
[White "Speelman, Jon S"]
[Black "Preuss, Heiko"]
[Result "1-0"]
[WhiteTitle "GM"]
[WhiteElo "2523"]
[BlackElo "2245"]
[WhiteTeam "England 1"]
[BlackTeam "Post-SV Ulm"]
[WhiteFideId "400033"]
[BlackFideId "4635493"]
[EventDate "2016.06.26"]

1. Nf3 d5 2. d4 c5 3. c4 cxd4 4. cxd5 Qxd5 5. Nc3 Qa5 6. Nxd4 Bd7 7. g3 e6 8.
Bg2 Qb6 9. O-O Nf6 10. Qb3 Qxb3 11. axb3 Bc6 12. Ndb5 Kd8 13. Rd1+ Nfd7 14. Nxa7
Ke8 15. Be3 Bxg2 16. Kxg2 Na6 17. Ncb5 Rb8 18. Rac1 Bc5 19. Bxc5 Naxc5 20. b4
Na6 21. Nc7+ Nxc7 22. Rxc7 Nb6 23. e4 Na8 24. Rc8+ Ke7 25. Rxh8 Rxh8 26. Kf3 Nb6
27. Rc1 Kd7 28. Ke3 Ra8 29. Nb5 Rc8 30. Rc5 Rc6 31. b3 Nc8 32. e5 b6 33. Rc4 Ne7
34. Nd6 f6 35. b5 Nd5+ 36. Ke4 Rc7 37. Kd4 g6 38. Ne4 f5 39. Nf6+ Kd8 40. f4 h5
41. Nxd5 Rd7 42. Rc6 Rxd5+ 43. Kc4 Kd7 44. Rxb6 Rd2 45. Rd6+ Rxd6 46. exd6 Kxd6
47. Kd4 1-0

[Event "World Senior Teams +50"]
[Site "Radebeul GER"]
[Date "2016.07.04"]
[Round "9.4"]
[Board "3"]
[White "Pieper, Thomas"]
[Black "Hebden, Mark L"]
[Result "0-1"]
[BlackTitle "GM"]
[WhiteElo "2226"]
[BlackElo "2510"]
[WhiteTeam "Post-SV Ulm"]
[BlackTeam "England 1"]
[WhiteFideId "4606299"]
[BlackFideId "400084"]
[EventDate "2016.06.26"]

1. e4 e5 2. Nf3 Nc6 3. Bc4 Be7 4. d4 d6 5. c3 Nf6 6. dxe5 dxe5 7. Qxd8+ Bxd8 8.
O-O O-O 9. Bd5 Nxd5 10. exd5 Ne7 11. c4 f6 12. Nc3 Nf5 13. b3 Re8 14. Re1 Bd7
15. Bb2 c6 16. Ne4 cxd5 17. cxd5 Be7 18. Rac1 Rac8 19. h3 b6 20. Red1 Rxc1 21.
Rxc1 Rc8 22. Rd1 Rc2 23. d6 Bd8 24. Rd2 Rxd2 25. Nfxd2 Kf7 26. a4 Ke6 27. Nc4
Bc6 28. f3 h5 29. g4 hxg4 30. hxg4 Nh6 31. g5 Nf7 32. gxf6 gxf6 33. Ba3 f5 34.
Ned2 a6 35. Kf2 b5 36. axb5 axb5 37. Ne3 Bb6 38. Ke2 Ng5 39. Bb4 Nh3 0-1

[Event "World Senior Teams +50"]
[Site "Radebeul GER"]
[Date "2016.07.04"]
[Round "9.4"]
[Board "4"]
[White "Arkell, Keith C"]
[Black "Habel, Christof"]
[Result "1-0"]
[WhiteTitle "GM"]
[WhiteElo "2453"]
[BlackElo "2042"]
[WhiteTeam "England 1"]
[BlackTeam "Post-SV Ulm"]
[WhiteFideId "400270"]
[BlackFideId "24602540"]
[EventDate "2016.06.26"]

1. d4 Nf6 2. Nf3 g6 3. c4 d5 4. cxd5 Nxd5 5. Nc3 Bg7 6. g3 Nc6 7. Bg2 O-O 8. O-O
Re8 9. Nxd5 Qxd5 10. Ne5 Qb5 11. Nxc6 bxc6 12. e3 Rb8 13. Qc2 Bd7 14. Rd1 a5 15.
a4 Qb3 16. Rd2 e5 17. Qxb3 Rxb3 18. dxe5 Re7 19. f4 f6 20. exf6 Bxf6 21. e4 g5
22. e5 Bg7 23. Bf1 Rb4 24. Rc2 gxf4 25. gxf4 Bh6 26. Bc4+ Kf8 27. b3 Bh3 28. Rc3
Rg7+ 29. Rg3 Rb8 30. f5 Bxc1 31. Rxc1 Rxg3+ 32. hxg3 Re8 33. Be6 Rd8 34. Kf2 Bg4
35. Ke3 h5 36. Rxc6 h4 37. gxh4 Rd1 38. Rxc7 Bxf5 39. Bxf5 Kg8 40. e6 Re1+ 1-0

[Event "World Senior Teams +50"]
[Site "Radebeul GER"]
[Date "2016.07.04"]
[Round "9.5"]
[Board "1"]
[White "Clara, Hans-Joachim"]
[Black "Plaskett, H James"]
[Result "1/2-1/2"]
[WhiteTitle "FM"]
[BlackTitle "GM"]
[WhiteElo "2320"]
[BlackElo "2445"]
[WhiteTeam "Hessische Seniorenmannschaft"]
[BlackTeam "England 2"]
[WhiteFideId "4600380"]
[BlackFideId "400238"]
[EventDate "2016.06.26"]

1. Nf3 c5 2. c4 b6 3. d4 cxd4 4. Nxd4 Nf6 5. Nc3 Bb7 6. f3 e6 7. e4 a6 8. Be3
Qc7 9. Rc1 Be7 10. Be2 O-O 11. a3 d6 12. O-O Nbd7 13. b4 Rac8 14. Qd2 Qb8 15.
Rfd1 Rfe8 16. Bf1 Bd8 17. Nb3 Bc7 18. Bf4 Ne5 19. Bxe5 dxe5 20. c5 Red8 21. Qe1
Qa7 22. Rxd8+ Bxd8 23. Na4 bxc5 24. Naxc5 a5 25. Kh1 axb4 26. axb4 Bc6 27. Bc4
Be8 28. Nd3 Qb8 29. Nbc5 Bb6 30. Qc3 Nd7 31. Bb3 Nxc5 32. bxc5 Bc7 33. Bc4 h6
34. Qc2 Qa7 35. Rb1 Qa5 36. Qa2 Qxa2 37. Bxa2 Kf8 38. Kg1 Bb8 39. Kf1 Ke7 40.
Rb7+ Kd8 41. Bc4 Bc7 42. Bb5 Bxb5 43. Rxb5 Kd7 44. Ke2 Kc6 1/2-1/2

[Event "World Senior Teams +50"]
[Site "Radebeul GER"]
[Date "2016.07.04"]
[Round "9.5"]
[Board "2"]
[White "Lewis, Andrew P"]
[Black "Nehmert, Ulrich"]
[Result "1-0"]
[WhiteTitle "FM"]
[BlackTitle "FM"]
[WhiteElo "2269"]
[BlackElo "2324"]
[WhiteTeam "England 2"]
[BlackTeam "Hessische Seniorenmannschaft"]
[WhiteFideId "400955"]
[BlackFideId "4600681"]
[EventDate "2016.06.26"]

1. c4 Nf6 2. Nc3 g6 3. e4 d6 4. d4 Bg7 5. Nf3 O-O 6. Be2 c5 7. O-O cxd4 8. Nxd4
Nc6 9. Nc2 Nd7 10. Bd2 Nc5 11. b4 Ne6 12. Rc1 Ned4 13. Nxd4 Nxd4 14. Be3 Nxe2+
15. Qxe2 a5 16. b5 f5 17. Nd5 Be6 18. Bg5 Bxd5 19. exd5 Bf6 20. Bxf6 exf6 21.
Qe6+ Kg7 22. c5 dxc5 23. d6 Qb6 24. Rfe1 Rad8 25. Rcd1 Rf7 26. h4 h5 27. a4 Rfd7
28. Qc4 Rf7 29. Re6 Rdd7 30. Qd5 Qa7 31. Re8 Qb6 32. Rc8 f4 33. Rxc5 Qd8 34. Rc4
g5 35. Re4 gxh4 36. Rxf4 h3 37. Qxh5 Rxd6 38. Rf3 Kf8 39. Qh8+ Ke7 40. Re3+ 1-0

[Event "World Senior Teams +50"]
[Site "Radebeul GER"]
[Date "2016.07.04"]
[Round "9.5"]
[Board "3"]
[White "Bosbach, Gerhard"]
[Black "Lauterbach, Ingrid"]
[Result "1-0"]
[BlackTitle "WIM"]
[WhiteElo "2217"]
[BlackElo "2107"]
[WhiteTeam "Hessische Seniorenmannschaft"]
[BlackTeam "England 2"]
[WhiteFideId "4605063"]
[BlackFideId "405221"]
[EventDate "2016.06.26"]

1. c4 d6 2. g3 g6 3. Bg2 Bg7 4. Nc3 Nd7 5. Nf3 e5 6. d3 Ngf6 7. O-O O-O 8. Bd2
c6 9. Ng5 Qc7 10. b4 h6 11. Nge4 Nxe4 12. Bxe4 f5 13. Bg2 Nf6 14. Rc1 Be6 15. a4
Qf7 16. b5 Rac8 17. bxc6 bxc6 18. Rb1 e4 19. a5 Ng4 20. dxe4 Bxc4 21. h3 Ne5 22.
Qc2 Kh7 23. f4 Nd7 24. Be3 a6 25. Rfd1 Qe6 26. Bd4 Bxd4+ 27. Rxd4 c5 28. Rd2 Rb8
29. Kh2 Rxb1 30. Qxb1 fxe4 31. Bxe4 Nf6 32. Nd5 Bxd5 33. Rxd5 Rd8 34. Qd3 Qe7
35. Qb1 Qe6 36. f5 Qe7 1-0

[Event "World Senior Teams +50"]
[Site "Radebeul GER"]
[Date "2016.07.04"]
[Round "9.5"]
[Board "4"]
[White "Bowmer, Kevin"]
[Black "Kargoll, Herbert"]
[Result "0-1"]
[WhiteElo "2071"]
[BlackElo "2185"]
[WhiteTeam "England 2"]
[BlackTeam "Hessische Seniorenmannschaft"]
[WhiteFideId "416690"]
[BlackFideId "4636007"]
[EventDate "2016.06.26"]

1. e4 e5 2. Nf3 Nc6 3. Bb5 g6 4. O-O Bg7 5. c3 d6 6. d4 Bd7 7. Re1 h6 8. d5 Nce7
9. Bxd7+ Qxd7 10. c4 f5 11. Nc3 Nf6 12. Nd2 O-O 13. f3 Nh5 14. b4 Nf4 15. Nb3 g5
16. Be3 fxe4 17. fxe4 Neg6 18. Rc1 Rf7 19. Rc2 Nh4 20. Rf2 Raf8 21. Kh1 Nfg6 22.
Ref1 Rxf2 23. Rxf2 Rxf2 24. Bxf2 Nxg2 25. Kxg2 Nf4+ 26. Kf3 Qh3+ 27. Bg3 h5 28.
Qg1 h4 29. Nd2 g4+ 30. Kf2 hxg3+ 31. Qxg3 Nd3+ 32. Ke2 Nxb4 33. Qxh3 gxh3 34.
Nb5 a6 35. Nxc7 Nxa2 36. Ne8 Bf8 37. Nf3 Kf7 38. Nc7 Bh6 39. Ne6 Nc1+ 40. Kf1
Ke7 41. Ng1 Nb3 42. Ke2 Nd4+ 43. Nxd4 exd4 44. Kd3 Be3 45. Nf3 b6 46. Nh4 Kf6
47. Nf5 Bf4 48. Nxd4 Bxh2 0-1

[Event "World Senior Teams +50"]
[Site "Radebeul GER"]
[Date "2016.07.04"]
[Round "9.6"]
[Board "4"]
[White "Ross, David"]
[Black "Semenov, Valeri"]
[Result "1/2-1/2"]
[WhiteTitle "IM"]
[BlackTitle "FM"]
[WhiteElo "2296"]
[BlackElo "2279"]
[WhiteTeam "Canada"]
[BlackTeam "Obuchiw"]
[WhiteFideId "2600277"]
[BlackFideId "14101319"]
[EventDate "2016.06.26"]

1. d4 Nf6 2. Nf3 e6 3. c4 Bb4+ 4. Bd2 Qe7 5. g3 Nc6 6. Nc3 Bxc3 7. Bxc3 Ne4 8.
Rc1 d6 9. Bg2 O-O 10. O-O Nxc3 11. Rxc3 e5 12. d5 Nb8 13. e4 a5 14. Ra3 c5 15.
dxc6 Nxc6 16. h3 Nb4 17. Nd2 Be6 18. f4 f6 19. Re1 Rfc8 20. Bf1 Kh8 21. f5 Bf7
22. Ree3 b5 23. Rec3 bxc4 1/2-1/2

[Event "World Senior Teams +50"]
[Site "Radebeul GER"]
[Date "2016.07.04"]
[Round "9.7"]
[Board "1"]
[White "Hjartarson, Johann"]
[Black "Giulian, Philip M"]
[Result "1-0"]
[WhiteTitle "GM"]
[BlackTitle "FM"]
[WhiteElo "2547"]
[BlackElo "2127"]
[WhiteTeam "Iceland"]
[BlackTeam "Scotland"]
[WhiteFideId "2300044"]
[BlackFideId "2400197"]
[EventDate "2016.06.26"]

1. e4 e6 2. d4 d5 3. Nc3 Nf6 4. e5 Nfd7 5. f4 c5 6. Nf3 Be7 7. Be3 b6 8. Qd2 O-O
9. Be2 Nc6 10. O-O f5 11. exf6 Nxf6 12. Kh1 Bb7 13. Rad1 Qc7 14. Qe1 Rad8 15. a3
Ne4 16. dxc5 bxc5 17. Nxe4 dxe4 18. Rxd8 Qxd8 19. Ng5 Bxg5 20. fxg5 Nd4 21. Bg4
Nxc2 22. Bxe6+ Kh8 23. Bxc5 Nxe1 24. Rxf8+ Qxf8 25. Bxf8 e3 26. Bc4 Bxg2+ 27.
Kg1 Bb7 28. Kf1 Nf3 29. Ke2 Nxg5 30. Kxe3 h5 31. Bd6 Kh7 32. Bb8 1-0

[Event "World Senior Teams +50"]
[Site "Radebeul GER"]
[Date "2016.07.04"]
[Round "9.7"]
[Board "2"]
[White "Findlay, David John"]
[Black "Petursson, Margeir"]
[Result "1/2-1/2"]
[BlackTitle "GM"]
[WhiteElo "2132"]
[BlackElo "2509"]
[WhiteTeam "Scotland"]
[BlackTeam "Iceland"]
[WhiteFideId "2400278"]
[BlackFideId "2300028"]
[EventDate "2016.06.26"]

1. e4 c5 2. Nf3 Nc6 3. Bb5 g6 4. O-O Bg7 5. Re1 e5 6. Bxc6 dxc6 7. h3 Ne7 8. d3
O-O 9. Be3 b6 10. Qd2 f6 11. a3 a5 12. Nc3 g5 13. Ne2 h6 14. Ng3 Be6 15. c3 f5
16. exf5 Nxf5 17. Nxf5 Bxf5 18. d4 cxd4 19. cxd4 e4 20. Nh2 Ra7 21. Rac1 Qd5 22.
Nf1 Rd7 23. Qc2 Rc8 24. Ng3 Bh7 25. Ne2 Qb5 26. Red1 Kh8 27. Nc3 Qf5 28. Na4 Qb5
29. Nc3 Qc4 30. Na4 Qb5 31. Nc3 1/2-1/2